000 00537nam a22001937a 4500
003 CEME
005 20210628210516.0
008 210209b xxu||||| |||| 00| 0 eng d
020 _a0-15-507640-
040 _c.
082 _a531.11 MAR
100 _aMarion, Jerry.B Thornton, Stephen.T
_979698
245 _aClassical dynamics of particles and sytems
250 _a3RD
260 _aNEW YORK
_bSAUNDERS COLLEGE PUBLISHING
_c1998
300 _a602P
650 _aMEWTONIAN MECHANICS COUPLED OSCILLATIONS
_979699
942 _cBK
_2ddc
999 _c584702
_d584702